Sports Quiz

Random Sports Quiz

Mountain West Conference Locations Quiz Stats

Quiz not verified by Sporcle

Challenge
Share
Tweet
Embed
Score 0/10 Timer 05:00
0 Plays Today
Can you name the MWC team locations? % Correct
UNLVLas Vegas
100%
Boise StateBoise
98.3%
San Diego StateSan Diego
98.3%
Fresno StateFresno
96.7%
NevadaReno
95%
HawaiiHonolulu
91.7%
Air ForceColorado Springs
86.7%
Colorado StateFort Collins
73.3%
New MexicoAlbuquerque
73.3%
WyomingLaramie
73.3%

You're not logged in!

Compare scores with friends on all Sporcle quizzes.
Sign Up with Email
OR
Log In

You Might Also Like...

Show Comments

Extras

Top Quizzes Today


Score Distribution

Your Account Isn't Verified!

In order to create a playlist on Sporcle, you need to verify the email address you used during registration. Go to your Sporcle Settings to finish the process.

Report this User

Report this user for behavior that violates our Community Guidelines.

Details: